Sports Quiz

Random Sports or NHL Quiz

Winnipeg Jets captains (since 1984) Quiz Stats

Quiz not verified by Sporcle

Challenge
Share
Tweet
Embed
Score 0/9 Timer 02:00
0 Plays Today
Hint Answer % Correct
1984-90Dale Hawerchuk
91.7%
2011-16Andrew Ladd
83.3%
2016-presentBlake Wheeler
83.3%
1993-95Keith Tkachuk
72.2%
1989-91Thomas Steen
69.4%
1989-91Randy Carlyle
30.6%
1995-96Kris King
22.2%
1991-93Troy Murray
5.6%
1992-94Dean Kennedy
5.6%

You're not logged in!

Compare scores with friends on all Sporcle quizzes.
Sign Up with Email
OR
Log In

You Might Also Like...

Show Comments

Extras

Top Quizzes Today


Score Distribution

Your Account Isn't Verified!

In order to create a playlist on Sporcle, you need to verify the email address you used during registration. Go to your Sporcle Settings to finish the process.